000 00460nam a2200181Ia 4500
008 240925s9999 xx 000 0 und d
020 _a70088179
082 _a530 BUE
100 _aBueche ,Frederick J.
245 0 _aPrinciples of Physics
250 _a6th
260 _aNew York:
_bMcGraw-Hill
_c,1995.
300 _axviii,1139p.
_bNA
_fOriginal
500 _aIncludes Index
600 _aHumanities & Natural Science
650 _aPhysics
942 _cBK
999 _c4504
_d4504